| 000 | 00510nam a2200181 a 4500 | ||
|---|---|---|---|
| 001 | 000043165 | ||
| 005 | 20201002040704.0 | ||
| 008 | 140220s1977 sp a 000 0 spa d | ||
| 020 | _a8472353273 | ||
| 040 |
_aDO-SdBNP _bspa _cBNPHU |
||
| 100 | 1 |
_aGomá, Francesc _970735 |
|
| 245 | 1 | 0 |
_aConocer Freud y su obra. / _cFrancesc Gomá. |
| 260 |
_aBarcelona, : _bDopesa, _c1977. |
||
| 300 |
_a142 ´. : _bil. ; _c19 cm. |
||
| 490 | 1 |
_aConocer _v2 |
|
| 504 | _aBibliografía p: 139-142 | ||
| 830 | 0 |
_aConocer _n2 _970736 |
|
| 999 |
_c42654 _d42654 |
||